000 00691nam a2200289Ia 4500
005 20260324124937.0
008 008 260324s9999 xx 000 0 eng d
020 _a9780203880807
037 _aEBOOK
040 _aCRL
040 _beng
040 _cCRL
041 _2eng
041 _aeng
084 _qCRL
100 _aNicholas Jones
_91176103
245 4 _aThe Courts of Genocide
245 0 _bPolitics and the Rule of Law in Rwanda and Arusha
260 _bTaylor and Francis
260 _c2009
365 _a
365 _b265
856 _uhttp://www.taylorfrancis.com/books/9780203880807
942 _cEBOOK
999 _c1770923
_d1770923